000 00694nam a2200241 a 4500
001 000044361
003 DO-SdBNP
005 20171103105023.0
007 000044361
008 140624s2008 dr a 000 j spa d
020 _a9789945421415
040 _aBPMSU
_bspa
_cBPMSU
100 1 _aDamirón, Anya
245 1 0 _aNiño soñador. /
_cAnya Damirón; ilustraciones Pablo Pino.
260 _aSanto Domingo, :
_bLucia´Stories,
_c2008.
300 _a14 p. :
_bil. ;
_c26 cm.
490 1 _aLos cuentos de Lucia
700 1 2 _aPino, Pablo
830 0 _aLos cuentos de Lucia
942 _2ddc
_cBK
945 _aInvetariado infantil dom / 2017 VM
956 _aVMATEO
_b10
_c20150225
_lBPMSU
_h0069
999 _c7274
_d7274